| 000 | 00623aam a2200229 4500 | ||
|---|---|---|---|
| 005 | 20160718111908.0 | ||
| 008 | 150805b xxu||||| |||| 00| 0 spa d | ||
| 041 | _aeng | ||
| 082 |
_a917.286 _bL864g |
||
| 100 |
_aLópez Ocampo, Juan Diego _912057 |
||
| 245 | _aGuía verde de Costa Rica | ||
| 260 | _aCosta Rica | ||
| 260 | _bTalleres Sistemas Graficos S.A | ||
| 260 | _c1992 | ||
| 300 | _a117 páginas | ||
| 650 |
_aCOSTA RICA _912058 |
||
| 650 |
_aDESCRIPCIONES Y VIAJES _912059 |
||
| 650 |
_aPARQUES NACIONALES _9897 |
||
| 650 |
_aRESERVAS BIOLOGICAS _912060 |
||
| 650 |
_aAREAS PROTEGIDAS _911818 |
||
| 942 | _cBK | ||
| 999 |
_c7106 _d7106 |
||